00805 2200289 4500001002100000005001500021035002500036007000300061008004100064020002200105040001700127041000800144082001400152084001600166090002000182090002200202100003200224245005700256260003600313300002800349504002900377650003100406850001200437999002200449990002200471990002200493INLIS00000000002882420200531091421 a0010-061700000000732ta170622s2014 yoi g 0 ind d a978-602-280-652-3 aYOPDYOGbind0 aind04223a370.2 a370.2 SOB p aDEP 370.2 SOB p aCB-D.11 2014-24420 aSobarudind1973-ePengarang1 aPendidikan tak bertepi berselimut agama /cSobarudin3 aYogyakarta :bDeepublish,c2014 ax, 142 halaman ;c19 cm aBibliografi: halaman 142 4aPendidikan--vBunga Rampai aYOPDYOG aCB-D.11/2014-2442 aCB-D.11/2014-2442 aCB-D.11/2014-2442